Ordenadores en la escuela secundaría (Record no. 184059)

MARC details
000 -LEADER
campo de control de longitud fija 00724nam a2200169 i 4500
001 - NÚMERO DE CONTROL
campo de control 184059
003 - IDENTIFICADOR DE NÚMERO DE CONTROL
campo de control ES-MaACL
005 - FECHA Y HORA DE LA ÚLTIMA TRANSACCIÓN
campo de control 20230906222036.0
008 - DATOS DE LONGITUD FIJA--INFORMACIÓN GENERAL
campo de control de longitud fija 150303s1971 sp |||| | spa d
245 00 - MENCIÓN DEL TÍTULO
Título Ordenadores en la escuela secundaría
Resto del título : informe sobre una experiencia.
260 ## - PUBLICACIÓN, DISTRIBUCIÓN, ETC.
Lugar de publicación, distribución, etc. Madrid :
Nombre del editor, distribuidor, etc. Centro de Cálculo de la Universidad de Madrid,
Fecha de publicación, distribución, etc. 1971.
300 ## - DESCRIPCIÓN FÍSICA
Extensión 204, 68 p. :
Otras características físicas il. ;
Dimensiones 24 cm.
650 #4 - PUNTO DE ACCESO ADICIONAL DE MATERIA--TÉRMINO DE MATERIA
Término de materia o nombre geográfico como elemento de entrada Enseñanza asistida por ordenador.
9 (RLIN) 12300
650 04 - PUNTO DE ACCESO ADICIONAL DE MATERIA--TÉRMINO DE MATERIA
Término de materia o nombre geográfico como elemento de entrada Informática-
Subdivisión general Enseñanza secundaria.
9 (RLIN) 13763
710 2# - ENTRADA AGREGADA--NOMBRE DE ENTIDAD CORPORATIVA
Nombre de entidad corporativa o nombre de jurisdicción como elemento de entrada Universidad Complutense de Madrid.
Unidad subordinada Centro de Cálculo.
9 (RLIN) 156458
852 ## - LOCALIZACIÓN
Ubicación ES-MaACL
Número de control de estantería L-865
Nota libre . - Donat. Ernesto García Camarero
-- . - Dedicatoria autógrafa de Ernesto García Camarero
Holdings
Estatus retirado Estado de pérdida Estado de daño No para préstamo Biblioteca de origen Biblioteca actual Ubicación en estantería Fecha de adquisición Fuente de adquisición Total de préstamos Signatura topográfica completa Código de barras Visto por última vez Precio de reemplazo Tipo de ítem Koha
        Biblioteca del Ateneo de Madrid Biblioteca del Ateneo de Madrid Depósito 2 03/03/2015     L-865 1193547 23/02/2023 23/02/2023 Libro impreso